000 00654nam a2200265Ia 4500
005 20260324152559.0
008 008 260324s9999 xx 000 0 eng d
020 _a9780444634757
037 _aEBOOK
040 _aCRL
040 _beng
040 _cCRL
041 _2eng
041 _aeng
084 _qCRL
100 _aEckert, Carrie
_91229181
245 0 _aBiotechnology for Biofuel Production and Optimization
260 _bElsevier
260 _c2016
650 _aChemical Engineering
856 _uhttps://www.sciencedirect.com/science/book/9780444634757
942 _cEBOOK
999 _c1839880
_d1839880